| 000 | 00883ngm a22002770a 4500 | ||
|---|---|---|---|
| 001 | PT28839 | ||
| 003 | AR-LpoUNG | ||
| 005 | 20210202000426.0 | ||
| 007 | vd cvaizq | ||
| 008 | 191001s2008||||ag |||||||||||||||||spa d | ||
| 040 |
_aAR-LpoUNG _bspa _cAR-LpoUNG _eaacr |
||
| 041 | _aspa | ||
| 082 | 0 | _a305.908 58otr | |
| 245 | 1 | 0 | _aOtros ojos |
| 260 |
_as.l. : _bs.n., _c2008. |
||
| 300 | _aDVD (30 min.) : son., col. | ||
| 520 | _aRelata la experiencia de Gustavo, una persona no vidente, y su lucha por la inseción en la universidad. El corto se estructura a través del relato de su protagonista y testimonios de sus profesores y pareja. | ||
| 651 | 4 | _aArgentina | |
| 653 | _aDISCAPACIDAD | ||
| 653 | _aDISCAPACIDAD VISUAL | ||
| 653 | _aDVD | ||
| 653 | _aVIDEOS | ||
| 710 | 2 | _aUniversidad Nacional de General Sarmiento (Buenos Aires) | |
| 905 | _a28839 | ||
| 942 | _cDVD | ||
| 999 |
_c54820 _d54820 |
||